Diez negritos /

Guardado en:
Autor Principal: Christie, Agatha
Formato: Libro
Publicado: Barcelona : Molino, 1980
Series:Biblioteca de oro
Materias:
Etiquetas: Agregar Etiqueta
Sin Etiquetas, Sea el primero en etiquetar este registro!
LEADER 00609nam a22002295a 4500
001 CEM.cems014340
008 130507s1980##################000#0#####d
005 20210804194347.0
003 CEMS
245 1 0 |a Diez negritos /  |c Agatha Christie 
260 |a Barcelona :  |b Molino,  |c 1980 
300 |a 132 p. 
490 0 |a Biblioteca de oro 
590 |a 1237.014 
100 1 |a Christie, Agatha 
653 |a Literatura 
653 |a Literatura inglesa 
653 |a Novelas 
653 |a Novelas inglesas 
653 |a Novelas policiales 
653 |a Biblioteca TC 
859 |a CEMS  |b BIB. CEMS - 11 de abril  |h TC  |p 1237.014  |t Ej.1